Nazwij napoje - poziom trudny - Statystyki

Ogólne statystyki
  • Ten quiz został rozwiązany 36 razy
  • Średni wynik to 8 z 28
Statystyki odpowiedzi
Obrazkowy Odpowiedź % Poprawnych
Fanta
80%
Kubuś Play
70%
Milky Way
70%
Tarczyn
70%
Dr Witt
65%
Herbapol
50%
4Move
45%
Pysio
40%
Polo Cockta
35%
Frugo Energy
20%
Hortex Aqua
20%
mogu mogu
20%
N-Gine
20%
noRUSH
20%
PRIME
20%
Vita Aloe
20%
Bobovita sok
15%
Coconaut
15%
Cudo kombucha
15%
Tymbark Gazzzowany
15%
Green Cola
10%
AW ice cream sundae
5%
Canada Dry
5%
Fritz Kola
5%
Mate Mate Yerba Mate
5%
OKF Sparkling Aloe
5%
On Lemon
5%
Sanpellegrino
5%
Nie znaleziono quizów pasujących do podanych kryteriów
Rozkład punktacji
Procent ludzi z każdym wynikiem
Percentyl według liczby udzielonych odpowiedzi
Twoja historia wyników
Nie rozwiązałeś tego quizu